| 000 | 00490nam a22001577a 4500 | ||
|---|---|---|---|
| 003 | BD-DhUL | ||
| 005 | 20190723115759.0 | ||
| 008 | 190723snd. ii ||||| |||| 00| 0 urd d | ||
| 040 |
_aBD-DhUL _cBD-DhUL |
||
| 082 |
_a891.431 _bILM |
||
| 100 | 1 | _aالیاس برنی، محمد | |
| 245 | 1 | 0 |
_aمعروضہ / _cمحمد الیاس برنی |
| 260 |
_aحیدراباد دکن : _bمطبوعہ اعظم اسٹیم ہریس، _c۔ |
||
| 300 |
_aص۔ ۱۴۸ ؛ _c۱۸ سم۔ |
||
| 942 |
_2ddc _cBK |
||
| 999 |
_c248945 _d248945 |
||